| 000 | 01180nam a22003137a 4500 | ||
|---|---|---|---|
| 003 | URS | ||
| 005 | 20260223164113.0 | ||
| 008 | 260212t2024 ph ||||| |||| 001 0 eng d | ||
| 020 | _a9786214271689 | ||
| 040 |
_aDLC _beng _cDLC _dDLC _dURS _erda |
||
| 082 |
_a351.033 _bE103 2024 |
||
| 100 |
_aAbante, Mamelo V., _eauthors. |
||
| 245 |
_aE-governance for development administration / _cMarmelo V. Abante, ...[and seven others]. |
||
| 264 |
_aPhilippines: _bUnlimited Books Library Services & Publishing Inc., _c[2024] |
||
| 300 |
_ax, 279 pages; _c25 cm. |
||
| 336 |
_2rdacontent _atext _btxt |
||
| 337 |
_2rdamedia _aunmediated _bn |
||
| 338 |
_2rdacarrier _avolume _bnc |
||
| 504 | _aIncludes bibliographical references (pages 273-279), and indexes. | ||
| 650 | _aPublic Administration -- Computer network resources | ||
| 700 |
_aVillegas, Renato A., _eauthors. |
||
| 700 |
_aJulianes, Melchor S., _eauthors. |
||
| 700 |
_aDela Cruz, Estarlita G., _eco-authors. |
||
| 700 |
_aAsturias, Peter M., _eco-authors. |
||
| 700 |
_aBautista, Ariel F., _eco-authors. |
||
| 700 |
_aAbueg, Mary Joy B., _eco-authors. |
||
| 700 |
_aNillo, Mario S., _eco-authors. |
||
| 942 |
_2ddc _cF |
||
| 999 |
_c98789 _d98786 |
||